| 000 | 00730 a2200241 4500 | ||
|---|---|---|---|
| 005 | 20260406121833.0 | ||
| 008 | 260406b |||||||| |||| 00| 0 eng d | ||
| 020 | _a9788196927462 (pbk) | ||
| 037 | _cTB | ||
| 040 |
_aCRL _cCRL |
||
| 041 |
_2URD _aURD |
||
| 084 |
_aO168,1M76x R4 _bCRL |
||
| 100 |
_aAllama Iqbal _91116040 |
||
| 245 | _aDiwan-e-Iqbal | ||
| 260 |
_aNew Delhi, India: _bNamak Publications, _c2024. |
||
| 300 | _a318p. | ||
| 365 |
_b800.00 _cINR |
||
| 650 | _aUrdu Literature | ||
| 650 | _aUrdu Poetry | ||
| 700 |
_aAkhlaque Ahan _eEditor _91234114 |
||
| 942 |
_cTB _2CC _hO168,1M76x R4 |
||
| 999 |
_c1679781 _d1679781 |
||